00425nam a22001457a 4500003000400000082001800004100002100022245002900043260003200072300001300104650001700117942001400134952011400148999001700262SGT a617.643bP66S aSalzmann, J. A.  aPractice of Orthodontics bJ. B. Lippincott CO. c1966 a555-1074 aOrthodontics 2ddccRARE 00102ddc405171aFDbFDd2026-01-06iSGTUl0o617.643 P66SpFD10162r2026-01-06 00:00:00w2026-01-06yRARE c33253d33253